<?xml version="1.0" encoding="UTF-8"?>
<record
    xmlns:xsi="http://www.w3.org/2001/XMLSchema-instance"
    xsi:schemaLocation="http://www.loc.gov/MARC21/slim http://www.loc.gov/standards/marcxml/schema/MARC21slim.xsd"
    xmlns="http://www.loc.gov/MARC21/slim">

  <leader>00276nam a22001337a 4500</leader>
  <controlfield tag="003">SGT</controlfield>
  <datafield tag="082" ind1=" " ind2=" ">
    <subfield code="a">612.012</subfield>
    <subfield code="b">R16J</subfield>
  </datafield>
  <datafield tag="100" ind1=" " ind2=" ">
    <subfield code="a">JOSHI, DAMODAR</subfield>
  </datafield>
  <datafield tag="245" ind1=" " ind2=" ">
    <subfield code="a">RASAMRITAM</subfield>
  </datafield>
  <datafield tag="260" ind1=" " ind2=" ">
    <subfield code="a">VARANASI</subfield>
    <subfield code="b">CHAUKHAMBHA PUB</subfield>
    <subfield code="c">2016</subfield>
  </datafield>
  <datafield tag="300" ind1=" " ind2=" ">
    <subfield code="a">315</subfield>
  </datafield>
  <datafield tag="650" ind1=" " ind2=" ">
    <subfield code="a">AYURVEDA</subfield>
  </datafield>
  <datafield tag="942" ind1=" " ind2=" ">
    <subfield code="2">ddc</subfield>
    <subfield code="c">BK</subfield>
  </datafield>
  <datafield tag="952" ind1=" " ind2=" ">
    <subfield code="0">0</subfield>
    <subfield code="1">0</subfield>
    <subfield code="2">ddc</subfield>
    <subfield code="4">0</subfield>
    <subfield code="7">0</subfield>
    <subfield code="8">FA</subfield>
    <subfield code="a">APL</subfield>
    <subfield code="b">APL</subfield>
    <subfield code="c">TXT</subfield>
    <subfield code="d">2018-01-09</subfield>
    <subfield code="e">CHAUKHAMBHA PUB</subfield>
    <subfield code="g">375.00</subfield>
    <subfield code="i">SGTU</subfield>
    <subfield code="l">0</subfield>
    <subfield code="o">612.012 R16J</subfield>
    <subfield code="p">FA6851</subfield>
    <subfield code="r">2018-01-09 00:00:00</subfield>
    <subfield code="w">2017-12-25</subfield>
    <subfield code="y">BK</subfield>
    <subfield code="k">CP/B/849</subfield>
  </datafield>
  <datafield tag="952" ind1=" " ind2=" ">
    <subfield code="0">0</subfield>
    <subfield code="1">0</subfield>
    <subfield code="2">ddc</subfield>
    <subfield code="4">0</subfield>
    <subfield code="7">0</subfield>
    <subfield code="8">FA</subfield>
    <subfield code="a">APL</subfield>
    <subfield code="b">APL</subfield>
    <subfield code="c">TXT</subfield>
    <subfield code="d">2018-01-09</subfield>
    <subfield code="e">CHAUKHAMBHA PUB</subfield>
    <subfield code="g">375.00</subfield>
    <subfield code="i">SGTU</subfield>
    <subfield code="l">0</subfield>
    <subfield code="o">612.012 R16J</subfield>
    <subfield code="p">FA6852</subfield>
    <subfield code="r">2018-01-09 00:00:00</subfield>
    <subfield code="w">2017-12-25</subfield>
    <subfield code="y">BK</subfield>
    <subfield code="k">CP/B/849</subfield>
  </datafield>
  <datafield tag="952" ind1=" " ind2=" ">
    <subfield code="0">0</subfield>
    <subfield code="1">0</subfield>
    <subfield code="2">ddc</subfield>
    <subfield code="4">0</subfield>
    <subfield code="7">0</subfield>
    <subfield code="8">FA</subfield>
    <subfield code="a">APL</subfield>
    <subfield code="b">APL</subfield>
    <subfield code="c">TXT</subfield>
    <subfield code="d">2018-01-09</subfield>
    <subfield code="e">CHAUKHAMBHA PUB</subfield>
    <subfield code="g">375.00</subfield>
    <subfield code="i">SGTU</subfield>
    <subfield code="l">0</subfield>
    <subfield code="o">612.012 R16J</subfield>
    <subfield code="p">FA6853</subfield>
    <subfield code="r">2018-01-09 00:00:00</subfield>
    <subfield code="w">2017-12-25</subfield>
    <subfield code="y">BK</subfield>
    <subfield code="k">CP/B/849</subfield>
  </datafield>
  <datafield tag="952" ind1=" " ind2=" ">
    <subfield code="0">0</subfield>
    <subfield code="1">0</subfield>
    <subfield code="2">ddc</subfield>
    <subfield code="4">0</subfield>
    <subfield code="5">1</subfield>
    <subfield code="7">0</subfield>
    <subfield code="8">FA</subfield>
    <subfield code="a">APL</subfield>
    <subfield code="b">APL</subfield>
    <subfield code="c">REF</subfield>
    <subfield code="d">2018-01-09</subfield>
    <subfield code="e">CHAUKHAMBHA PUB</subfield>
    <subfield code="g">375.00</subfield>
    <subfield code="i">SGTU</subfield>
    <subfield code="o">612.012 R16J</subfield>
    <subfield code="p">FA6854</subfield>
    <subfield code="r">2018-01-09 00:00:00</subfield>
    <subfield code="w">2017-12-25</subfield>
    <subfield code="y">BK</subfield>
    <subfield code="k">CP/B/849</subfield>
  </datafield>
  <datafield tag="952" ind1=" " ind2=" ">
    <subfield code="0">0</subfield>
    <subfield code="1">0</subfield>
    <subfield code="2">ddc</subfield>
    <subfield code="4">0</subfield>
    <subfield code="7">0</subfield>
    <subfield code="8">FA</subfield>
    <subfield code="a">APL</subfield>
    <subfield code="b">APL</subfield>
    <subfield code="c">TXT</subfield>
    <subfield code="d">2018-01-09</subfield>
    <subfield code="e">CHAUKHAMBHA PUB</subfield>
    <subfield code="g">375.00</subfield>
    <subfield code="i">SGTU</subfield>
    <subfield code="l">0</subfield>
    <subfield code="o">612.012 R16J</subfield>
    <subfield code="p">FA6855</subfield>
    <subfield code="r">2018-01-09 00:00:00</subfield>
    <subfield code="w">2017-12-25</subfield>
    <subfield code="y">BK</subfield>
    <subfield code="k">CP/B/849</subfield>
  </datafield>
  <datafield tag="999" ind1=" " ind2=" ">
    <subfield code="c">14394</subfield>
    <subfield code="d">14394</subfield>
  </datafield>
</record>
